banner-ar

EGYPT / (Record no. 7396)

MARC details
000 -الفاتح
حقل البيانات ثابتة الطول 00526nam a2200205Ia 4500
008 - عناصر البيانات ثابتة الطول - معلومات عامة
حقل البيانات ثابتة الطول 140319s9999 xx 000 0 eng d
020 ## - الرقم الدولى المعيارى للكتب
الرقم الدولى المعيارى للكتاب 0679755667
040 ## - مصدر الفهرسة
وكالة الفهرسة الأصلية GCL /
وكالة النسخ GCL
082 04 - رقم تصنيف ديوى العشرى
رقم التصنيف 916.204
رقم المادة K E
100 1# - المدخل الرئيسى - إسم شخصى
الإسم الشخصى ALLATON, WENDY
245 10 - بيان العنوان
العنوان EGYPT /
بيان المسئوليه,etc ALLATON, WENDY
300 ## - الوصف المادى
التعداد 560 P
تفاصيل ماديه اخرى للوعاء ILL. ؛
أبعاد الوعاء 22 cm.
490 ## - بيان السلسلة
عنوان السلسلة KNOPE GUIDE
رقم المجلد/ التعيين التسلسلي 0
650 04 - المدخل الاضافى بالموضوع-مصطلح موضوعى
مصطلح موضوعي EGYPT
650 04 - المدخل الاضافى بالموضوع-مصطلح موضوعى
مصطلح موضوعي EGYPT - GUIDE BOOKS
650 04 - المدخل الاضافى بالموضوع-مصطلح موضوعى
مصطلح موضوعي EGYPT - DESCRIPTION AND TRAVEL
942 ## - عناصر المدخل الإضافي( كوها)
مصدر التصنيف او مخطط الترفيف Dewey Decimal Classification
Koha [default] item type كتاب
260 ## - PUBLICATION, DISTRIBUTION, ETC. (IMPRINT)
-- انجلترا :
-- KNOPF GUIDES
Holdings
حالة التراجع حالة الفقد حالة تلف ليس للاعارة المكان المؤقت الموقع الحالى تاريخ الاكتساب اجمالي اﻻعارات رقم الطلب الباركود تاريخ اخر مشاهدة تاريخ تفعيل السعر نوع وعاء كوها
        مكتبة القاهرة الكبرى مكتبة القاهرة الكبرى 03/26/2014   916.204\K E 15297 03/26/2014 03/26/2014 كتاب
        مكتبة القاهرة الكبرى مكتبة القاهرة الكبرى 03/26/2014   916.204\K E 15298 03/26/2014 03/26/2014 كتاب

Powered By

EGPV